Statistics for NBA 50-Point Game since 2010, Updated Throughout Season

Click here to take the quiz!

General Stats

  • This quiz has been taken 159 times
    (73 since last reset)
  • The average score is 40 of 54

Answer Stats

#Player% Correct
6Giannis Antetokounmpo
100%
15Damian Lillard
98%
5Devin Booker
98%
1Donovan Mitchell
98%
5Jayson Tatum
98%
9Kevin Durant
98%
4Klay Thompson
98%
6LeBron James
98%
5Luka Dončić
98%
12Stephen Curry
98%
5Anthony Davis
97%
23James Harden
97%
6Kyrie Irving
97%
2DeMar DeRozan
95%
4Joel Embiid
95%
2Karl-Anthony Towns
95%
5
Bradley Beal
92%
1Julius Randle
92%
1Jaylen Brown
89%
1Pascal Siakam
89%
3Russell Westbrook
89%
1Ja Morant
88%
1Khris Middleton
88%
2Trae Young
88%
1Zach LaVine
88%
1Jrue Holiday
85%
1Darius Garland
83%
1Nikola Jokić
83%
3Carmelo Anthony
80%
1Jamal Murray
80%
1Kobe Bryant
77%
1Fred VanVleet
71%
1Blake Griffin
69%
1John Wall
68%
2Kemba Walker
65%
2DeMarcus Cousins
62%
1Isaiah Thomas
62%
1C.J. McCollum
60%
1Derrick Rose
60%
2Jimmy Butler
60%
1Kevin Love
55%
1LaMarcus Aldridge
54%
1Kevin Porter
48%
1Eric Gordon
45%
1Deron Williams
42%
1Lou Williams
42%
1Mo Williams
42%
1D'Angelo Russell
40%
1Saddiq Bey
40%
1Jamal Crawford
34%
1T. J. Warren
28%
1Corey Brewer
25%
1Caris LeVert
22%
1Terrence Ross
20%

Score Distribution

Percentile by Number Answered

Percent of People with Each Score

Your Score History

You have not taken this quiz since the last reset